000
00345nam a2200157Ia 4500
008
210210b1947 xxu||||| |||| 00| 0 eng d
041
_a
eng
082
_a
334/65
100
_a
SUNDARAM (L)
245
_a
Union finances
260
_a
Bombay
_b
-
_c
1947
650
_a
Union
650
_a
finances
690
_a
Public Finance
906
_a
004329
999
_c
124384
_d
124384